<?xml version="1.0" encoding="UTF-8"?>
<record
    xmlns:xsi="http://www.w3.org/2001/XMLSchema-instance"
    xsi:schemaLocation="http://www.loc.gov/MARC21/slim http://www.loc.gov/standards/marcxml/schema/MARC21slim.xsd"
    xmlns="http://www.loc.gov/MARC21/slim">

  <leader>01489ncm0a2200361   4500</leader>
  <controlfield tag="001">RU\NLR\ONIZ\213219</controlfield>
  <controlfield tag="005">20250624205224.0</controlfield>
  <datafield tag="013" ind1=" " ind2=" ">
    <subfield code="a">979-0-706406-49-7</subfield>
  </datafield>
  <datafield tag="035" ind1=" " ind2=" ">
    <subfield code="a">(NLR Aleph) 010985999</subfield>
  </datafield>
  <datafield tag="071" ind1="2" ind2="0">
    <subfield code="a">&#x441; 2881 &#x43A;</subfield>
  </datafield>
  <datafield tag="090" ind1=" " ind2=" ">
    <subfield code="a">10902160</subfield>
    <subfield code="c">10902160</subfield>
  </datafield>
  <datafield tag="100" ind1=" " ind2=" ">
    <subfield code="a">20151208d2013    |||y0rusy50      ca</subfield>
  </datafield>
  <datafield tag="101" ind1="0" ind2=" ">
    <subfield code="a">rus</subfield>
  </datafield>
  <datafield tag="102" ind1=" " ind2=" ">
    <subfield code="a">RU</subfield>
  </datafield>
  <datafield tag="125" ind1=" " ind2=" ">
    <subfield code="a">ax</subfield>
  </datafield>
  <datafield tag="200" ind1="1" ind2=" ">
    <subfield code="a">&#x41F;&#x44C;&#x435;&#x441;&#x44B; &#x434;&#x43B;&#x44F; &#x434;&#x43E;&#x43C;&#x440;&#x44B; &#x438; &#x433;&#x438;&#x442;&#x430;&#x440;&#x44B;</subfield>
    <subfield code="b">&#x41D;&#x43E;&#x442;&#x44B;</subfield>
    <subfield code="e">&#x441;&#x43E;&#x441;&#x442;. &#x438; &#x43F;&#x435;&#x440;&#x435;&#x43B;&#x43E;&#x436;. &#x42E;. &#x41D;&#x43E;&#x433;&#x430;&#x440;&#x435;&#x432;&#x43E;&#x439;</subfield>
  </datafield>
  <datafield tag="210" ind1=" " ind2=" ">
    <subfield code="a">&#x421;&#x430;&#x43D;&#x43A;&#x442;-&#x41F;&#x435;&#x442;&#x435;&#x440;&#x431;&#x443;&#x440;&#x433;</subfield>
    <subfield code="c">&#x41A;&#x43E;&#x43C;&#x43F;&#x43E;&#x437;&#x438;&#x442;&#x43E;&#x440; - &#x421;&#x430;&#x43D;&#x43A;&#x442;-&#x41F;&#x435;&#x442;&#x435;&#x440;&#x431;&#x443;&#x440;&#x433;</subfield>
    <subfield code="d">2013</subfield>
  </datafield>
  <datafield tag="215" ind1=" " ind2=" ">
    <subfield code="a">24 &#x441;.</subfield>
    <subfield code="d">29 &#x441;&#x43C;</subfield>
  </datafield>
  <datafield tag="225" ind1="1" ind2=" ">
    <subfield code="a">&#x414;&#x41C;&#x428;</subfield>
  </datafield>
  <datafield tag="300" ind1=" " ind2=" ">
    <subfield code="a">&#x41F;&#x430;&#x440;&#x430;&#x43B;. &#x440;&#x443;&#x441;., &#x430;&#x43D;&#x433;&#x43B;.</subfield>
  </datafield>
  <datafield tag="327" ind1="1" ind2=" ">
    <subfield code="a">1. &#x414;&#x432;&#x430; &#x442;&#x430;&#x43D;&#x446;&#x430; / &#x41C;. &#x41D;&#x43E;&#x439;&#x437;&#x438;&#x434;&#x43B;&#x435;&#x440;. 2. &#x421;&#x43E;&#x43D;&#x430;&#x442;&#x430; / &#x413;. &#x424;. &#x413;&#x435;&#x43D;&#x434;&#x435;&#x43B;&#x44C;. 3-4. &#x421;&#x43E;&#x43D;&#x430;&#x442;&#x430;; &#x410;&#x43B;&#x43B;&#x435;&#x433;&#x440;&#x43E; / &#x41A;. &#x424;&#x44E;&#x440;&#x441;&#x442;&#x435;&#x43D;&#x430;&#x443;. 5. &#x421;&#x43E;&#x43D;&#x430;&#x442;&#x430; / &#x41D;. &#x41F;&#x430;&#x433;&#x430;&#x43D;&#x438;&#x43D;&#x438;. 6. &#x42E;&#x43B;&#x44F;-&#x432;&#x430;&#x43B;&#x44C;&#x441; / &#x424;. &#x41A;. &#x42F;&#x43D;&#x435;&#x43B;&#x44C;. 7. &#x410;&#x43D;&#x433;&#x430;&#x440;&#x435;&#x441;&#x43A;&#x430; / &#x414;. &#x411;&#x435;&#x440;&#x43D;&#x433;&#x430;&#x440;&#x444;</subfield>
  </datafield>
  <datafield tag="606" ind1="1" ind2=" ">
    <subfield code="a">&#x41F;&#x44C;&#x435;&#x441;&#x44B; &#x434;&#x43B;&#x44F; &#x434;&#x43E;&#x43C;&#x440;&#x44B; &#x438; &#x433;&#x438;&#x442;&#x430;&#x440;&#x44B;</subfield>
    <subfield code="j">&#x41D;&#x43E;&#x442;&#x44B;</subfield>
    <subfield code="2">nlr_sh</subfield>
  </datafield>
  <datafield tag="686" ind1=" " ind2=" ">
    <subfield code="a">&#x429;952.631.9-095&#x44F;43(3)</subfield>
    <subfield code="v">LBC/SL</subfield>
    <subfield code="2">rubbk</subfield>
  </datafield>
  <datafield tag="702" ind1=" " ind2="1">
    <subfield code="9">z01790</subfield>
    <subfield code="a">&#x41D;&#x43E;&#x433;&#x430;&#x440;&#x435;&#x432;&#x430;</subfield>
    <subfield code="b">&#x42E;. &#x41B;.</subfield>
    <subfield code="g">&#x42E;&#x43B;&#x438;&#x44F; &#x41B;&#x44C;&#x432;&#x43E;&#x432;&#x43D;&#x430;</subfield>
    <subfield code="4">220</subfield>
    <subfield code="7">ca</subfield>
  </datafield>
  <datafield tag="790" ind1=" " ind2="1">
    <subfield code="9">z01702</subfield>
    <subfield code="a">Nogareva</subfield>
    <subfield code="b">Yu. L.</subfield>
    <subfield code="g">Yulija L`vovna</subfield>
    <subfield code="4">220</subfield>
    <subfield code="7">ba</subfield>
  </datafield>
  <datafield tag="801" ind1=" " ind2="0">
    <subfield code="a">RU</subfield>
    <subfield code="b">NLR</subfield>
    <subfield code="c">20151208</subfield>
    <subfield code="g">PSBO</subfield>
  </datafield>
  <datafield tag="801" ind1=" " ind2="1">
    <subfield code="a">RU</subfield>
    <subfield code="b">NLR</subfield>
    <subfield code="c">20151208</subfield>
    <subfield code="2">rusmarc</subfield>
  </datafield>
  <datafield tag="801" ind1=" " ind2="2">
    <subfield code="a">RU</subfield>
    <subfield code="b">NLR</subfield>
    <subfield code="c">20160221</subfield>
  </datafield>
  <datafield tag="852" ind1=" " ind2=" ">
    <subfield code="a">NLR</subfield>
    <subfield code="b">&#x41C;</subfield>
    <subfield code="j">&#x41A;-3/27714</subfield>
    <subfield code="p">257642</subfield>
    <subfield code="t">1</subfield>
  </datafield>
  <datafield tag="942" ind1=" " ind2=" ">
    <subfield code="c">SCORE</subfield>
  </datafield>
  <datafield tag="980" ind1=" " ind2=" ">
    <subfield code="a">NB</subfield>
  </datafield>
  <datafield tag="980" ind1=" " ind2=" ">
    <subfield code="a">ONIZ</subfield>
  </datafield>
  <datafield tag="995" ind1=" " ind2=" ">
    <subfield code="5">2015-12-08</subfield>
    <subfield code="b">NLR01</subfield>
    <subfield code="c">NLR01</subfield>
    <subfield code="e">ONIZ</subfield>
    <subfield code="k">&#x41A;-3/27714 &#x41A;-3/27714</subfield>
    <subfield code="o">0</subfield>
    <subfield code="r">SCORE</subfield>
    <subfield code="s">327714_327714</subfield>
  </datafield>
</record>
